[Event "45th FIDE Chess Olympiad Open"]
[Site "Budapest, Hungary"]
[Date "2024.09.22"]
[Round "11"]
[White "Rakotomaharo, Fy Antenaina"]
[Black "Greet, Andrew N"]
[Result "1-0"]
[Board "165"]
[WhiteFideId "13100050"]
[BlackFideId "405817"]
[WhiteTitle "IM"]
[BlackTitle "IM"]
[WhiteElo "2440"]
[BlackElo "2405"]
[WhiteTeam "Madagascar"]
[BlackTeam "Scotland"]
[WhiteClock "0:07:46"]
[BlackClock "0:13:32"]
[Variant "Standard"]

1. e4 {[%clk 1:30:57]}  c6 {[%clk 1:30:50]} 2. d4 {[%clk 1:30:28]}  d5 {[%clk 1:31:14]} 3. e5 {[%clk 1:30:54]}  Bf5 {[%clk 1:31:38]} 4. h4 {[%clk 1:31:16]}  h5 {[%clk 1:31:47]} 5. c4 {[%clk 1:31:36]}  e6 {[%clk 1:31:42]} 6. Nc3 {[%clk 1:32:01]}  Bb4 {[%clk 1:31:14]} 7. cxd5 {[%clk 1:29:06]}  cxd5 {[%clk 1:28:11]} 8. Bd3 {[%clk 1:29:17]}  Ne7 {[%clk 1:27:03]} 9. Nge2 {[%clk 1:26:48]}  Nbc6 {[%clk 1:27:04]} 10. a3 {[%clk 1:26:34]}  Bxc3+ {[%clk 1:26:37]} 11. bxc3 {[%clk 1:26:58]}  Bxd3 {[%clk 1:19:05]} 12. Qxd3 {[%clk 1:25:45]}  Nf5 {[%clk 1:19:07]} 13. Rb1 {[%clk 1:15:51]}  b6 {[%clk 1:17:12]} 14. g3 {[%clk 1:00:47]}  f6 {[%clk 1:01:00]} 15. Nf4 {[%clk 0:44:14]}  Kf7 {[%clk 0:50:25]} 16. exf6 {[%clk 0:43:47]}  Qxf6 {[%clk 0:48:17]} 17. O-O {[%clk 0:41:58]}  Nd6 {[%clk 0:45:46]} 18. Re1 {[%clk 0:39:48]}  Rae8 {[%clk 0:45:59]} 19. Rb2 {[%clk 0:36:35]}  Qf5 {[%clk 0:42:32]} 20. Qxf5+ {[%clk 0:29:05]}  Nxf5 {[%clk 0:42:46]} 21. Rbe2 {[%clk 0:27:29]}  Ncxd4 {[%clk 0:34:08]} 22. cxd4 {[%clk 0:27:50]}  Nxd4 {[%clk 0:34:33]} 23. Bb2 {[%clk 0:28:10]}  Nxe2+ {[%clk 0:34:16]} 24. Rxe2 {[%clk 0:28:35]}  Re7 {[%clk 0:31:28]} 25. Be5 {[%clk 0:21:51]}  a5 {[%clk 0:23:20]} 26. Rc2 {[%clk 0:07:58]}  d4 {[%clk 0:22:24]} 27. Rc6 {[%clk 0:05:14]}  Rd8 {[%clk 0:21:32]} 28. Kf1 {[%clk 0:05:42]}  d3 {[%clk 0:18:40]} 29. Ke1 {[%clk 0:06:07]}  d2+ {[%clk 0:18:32]} 30. Kd1 {[%clk 0:06:34]}  b5 {[%clk 0:18:40]} 31. Rb6 {[%clk 0:05:53]}  b4 {[%clk 0:15:04]} 32. axb4 {[%clk 0:05:39]}  axb4 {[%clk 0:15:30]} 33. Rxb4 {[%clk 0:05:23]}  Red7 {[%clk 0:12:06]} 34. Bc3 {[%clk 0:00:43]}  Ra8 {[%clk 0:08:49]} 35. Nxh5 {[%clk 0:00:37]}  Ra3 {[%clk 0:02:51]} 36. Bb2 {[%clk 0:00:47]}  Ra5 {[%clk 0:01:52]} 37. Nf4 {[%clk 0:00:40]}  g5 {[%clk 0:00:42]} 38. hxg5 {[%clk 0:00:53]}  Rxg5 {[%clk 0:01:09]} 39. Bc3 {[%clk 0:00:46]}  e5 {[%clk 0:01:05]} 40. Rb5 {[%clk 0:00:57]}  Kf6 {[%clk 0:00:35]} 41. Nd5+ {[%clk 0:28:10]}  Kg6 {[%clk 0:22:21]} 42. Ne3 {[%clk 0:27:29]}  e4 {[%clk 0:21:53]} 43. Rb6+ {[%clk 0:26:57]}  Kf7 {[%clk 0:21:42]} 44. Rb4 {[%clk 0:18:32]}  Rc5 {[%clk 0:20:06]} 45. Bxd2 {[%clk 0:18:17]}  Re5 {[%clk 0:20:18]} 46. Ke2 {[%clk 0:18:08]}  Re6 {[%clk 0:20:41]} 47. Bc3 {[%clk 0:15:41]}  Ra7 {[%clk 0:20:14]} 48. Bb2 {[%clk 0:12:58]}  Rc7 {[%clk 0:19:20]} 49. Nd5 {[%clk 0:08:56]}  Rd7 {[%clk 0:16:44]} 50. Nf4 {[%clk 0:08:08]}  Rc6 {[%clk 0:16:38]} 51. Ke3 {[%clk 0:07:42]}  Rc2 {[%clk 0:16:52]} 52. Bd4 {[%clk 0:08:07]}  Ra2 {[%clk 0:13:35]} 53. Kxe4 {[%clk 0:07:48]}  Rxd4+ {[%clk 0:13:33]} 54. Rxd4 {[%clk 0:08:07]}  Rxf2 {[%clk 0:13:58]} 55. g4 {[%clk 0:07:33]}  Ra2 {[%clk 0:13:32]} 56. Kf5 {[%clk 0:07:46]} 1-0

[Event "45th FIDE Chess Olympiad Open"]
[Site "Budapest, Hungary"]
[Date "2024.09.22"]
[Round "11"]
[White "Olson, Hamish"]
[Black "Razanadrakotoarisoa, Toavina"]
[Result "1-0"]
[Board "166"]
[WhiteFideId "2404257"]
[BlackFideId "13101439"]
[WhiteTitle "FM"]
[BlackTitle "FM"]
[WhiteElo "2384"]
[BlackElo "2147"]
[WhiteTeam "Scotland"]
[BlackTeam "Madagascar"]
[WhiteClock "0:31:22"]
[BlackClock "0:06:46"]
[Variant "Standard"]

1. d4 {[%clk 1:30:57]}  Nf6 {[%clk 1:30:52]} 2. Nf3 {[%clk 1:31:16]}  e6 {[%clk 1:31:12]} 3. c4 {[%clk 1:30:05]}  d5 {[%clk 1:31:35]} 4. cxd5 {[%clk 1:29:34]}  exd5 {[%clk 1:31:49]} 5. Nc3 {[%clk 1:29:56]}  c6 {[%clk 1:31:15]} 6. Bg5 {[%clk 1:30:11]}  Be7 {[%clk 1:31:04]} 7. e3 {[%clk 1:30:31]}  O-O {[%clk 1:29:12]} 8. Bd3 {[%clk 1:30:44]}  Nbd7 {[%clk 1:27:51]} 9. Qc2 {[%clk 1:30:47]}  Re8 {[%clk 1:28:00]} 10. O-O {[%clk 1:30:56]}  Nf8 {[%clk 1:25:41]} 11. h3 {[%clk 1:31:05]}  g6 {[%clk 1:20:07]} 12. Bh6 {[%clk 1:29:58]}  Ne6 {[%clk 1:17:42]} 13. Ne5 {[%clk 1:28:04]}  Ng7 {[%clk 1:16:34]} 14. g4 {[%clk 1:23:27]}  Nd7 {[%clk 1:14:56]} 15. f4 {[%clk 1:21:31]}  Nxe5 {[%clk 1:15:11]} 16. fxe5 {[%clk 1:20:48]}  Bg5 {[%clk 1:15:00]} 17. Bxg5 {[%clk 1:20:15]}  Qxg5 {[%clk 1:15:23]} 18. Qf2 {[%clk 1:18:51]}  Be6 {[%clk 1:14:57]} 19. Qf4 {[%clk 1:16:36]}  Qh4 {[%clk 1:15:04]} 20. Kg2 {[%clk 1:15:47]}  Qe7 {[%clk 1:06:01]} 21. Rf2 {[%clk 1:09:13]}  b5 {[%clk 0:58:03]} 22. Raf1 {[%clk 1:02:20]}  a5 {[%clk 0:57:06]} 23. Qh6 {[%clk 1:00:13]}  Rf8 {[%clk 0:50:08]} 24. Ne2 {[%clk 0:46:38]}  c5 {[%clk 0:46:33]} 25. Ng1 {[%clk 0:37:51]}  Bd7 {[%clk 0:43:44]} 26. Nf3 {[%clk 0:36:57]}  Ne6 {[%clk 0:43:56]} 27. h4 {[%clk 0:35:17]}  f6 {[%clk 0:43:05]} 28. exf6 {[%clk 0:35:07]}  Rxf6 {[%clk 0:43:20]} 29. Ne5 {[%clk 0:30:23]}  Rxf2+ {[%clk 0:42:27]} 30. Rxf2 {[%clk 0:30:50]}  Rf8 {[%clk 0:42:35]} 31. Rxf8+ {[%clk 0:30:12]}  Nxf8 {[%clk 0:42:48]} 32. Qf4 {[%clk 0:28:24]}  Be8 {[%clk 0:27:52]} 33. dxc5 {[%clk 0:25:01]}  Ne6 {[%clk 0:20:00]} 34. Qf3 {[%clk 0:23:55]}  Qxc5 {[%clk 0:20:22]} 35. Qf6 {[%clk 0:20:17]}  Ng7 {[%clk 0:14:24]} 36. Qf2 {[%clk 0:11:25]}  Qe7 {[%clk 0:13:46]} 37. Nf3 {[%clk 0:11:26]}  Ne6 {[%clk 0:13:32]} 38. g5 {[%clk 0:11:15]}  Nc5 {[%clk 0:11:50]} 39. Bc2 {[%clk 0:11:15]}  Ne4 {[%clk 0:06:17]} 40. Bxe4 {[%clk 0:11:19]}  dxe4 {[%clk 0:03:29]} 41. Nd4 {[%clk 0:10:51]}  b4 {[%clk 0:28:31]} 42. Qf4 {[%clk 0:40:33]}  Bf7 {[%clk 0:24:00]} 43. b3 {[%clk 0:40:24]}  Qb7 {[%clk 0:18:48]} 44. Kg3 {[%clk 0:38:11]}  Qd5 {[%clk 0:11:18]} 45. Qc7 {[%clk 0:33:46]}  Qa8 {[%clk 0:09:52]} 46. Qe5 {[%clk 0:31:48]}  Qa6 {[%clk 0:06:46]} 47. h5 {[%clk 0:31:22]} 1-0

[Event "45th FIDE Chess Olympiad Open"]
[Site "Budapest, Hungary"]
[Date "2024.09.22"]
[Round "11"]
[White "Andrianiaina, Heritiana"]
[Black "Waldhausen Gordon, Frederick"]
[Result "1/2-1/2"]
[Board "167"]
[WhiteFideId "13101048"]
[BlackFideId "2409143"]
[WhiteTitle "CM"]
[BlackTitle "FM"]
[WhiteElo "2149"]
[BlackElo "2351"]
[WhiteTeam "Madagascar"]
[BlackTeam "Scotland"]
[WhiteClock "0:14:10"]
[BlackClock "0:49:23"]
[Variant "Standard"]

1. d4 {[%clk 1:30:00]}  Nf6 {[%clk 1:30:57]} 2. c4 {[%clk 1:30:23]}  e6 {[%clk 1:31:24]} 3. Nf3 {[%clk 1:30:28]}  b6 {[%clk 1:31:26]} 4. a3 {[%clk 1:30:46]}  Bb7 {[%clk 1:31:46]} 5. Nc3 {[%clk 1:31:09]}  d5 {[%clk 1:32:09]} 6. cxd5 {[%clk 1:30:25]}  Nxd5 {[%clk 1:32:23]} 7. Qc2 {[%clk 1:30:49]}  Nd7 {[%clk 1:30:57]} 8. Nxd5 {[%clk 1:24:22]}  exd5 {[%clk 1:29:46]} 9. Bf4 {[%clk 1:23:58]}  c5 {[%clk 1:30:02]} 10. dxc5 {[%clk 1:23:14]}  Bxc5 {[%clk 1:30:00]} 11. e3 {[%clk 1:23:32]}  Rc8 {[%clk 1:29:53]} 12. Qf5 {[%clk 1:14:55]}  O-O {[%clk 1:19:10]} 13. Bb5 {[%clk 1:04:25]}  Nf6 {[%clk 1:18:08]} 14. O-O {[%clk 1:04:21]}  h6 {[%clk 1:15:18]} 15. Rfd1 {[%clk 1:02:42]}  Bd6 {[%clk 1:12:40]} 16. Bxd6 {[%clk 0:41:59]}  Qxd6 {[%clk 1:13:05]} 17. Qd3 {[%clk 0:42:09]}  Qc7 {[%clk 1:10:43]} 18. h3 {[%clk 0:36:27]}  Ne4 {[%clk 1:09:01]} 19. Qf1 {[%clk 0:33:57]}  Qe7 {[%clk 1:03:22]} 20. Rac1 {[%clk 0:33:49]}  Qf6 {[%clk 1:02:58]} 21. Nd4 {[%clk 0:32:45]}  Rc5 {[%clk 1:02:50]} 22. b4 {[%clk 0:29:14]}  Rcc8 {[%clk 1:01:31]} 23. Qe1 {[%clk 0:26:50]}  Rfd8 {[%clk 1:00:24]} 24. Bd3 {[%clk 0:26:05]}  Nd6 {[%clk 1:00:15]} 25. Qe2 {[%clk 0:23:03]}  g6 {[%clk 1:00:24]} 26. Qf3 {[%clk 0:19:08]}  Qe5 {[%clk 1:00:37]} 27. g3 {[%clk 0:18:31]}  Kg7 {[%clk 1:00:24]} 28. Qf4 {[%clk 0:18:04]}  Qxf4 {[%clk 0:59:26]} 29. gxf4 {[%clk 0:18:33]}  Nc4 {[%clk 0:59:47]} 30. Be2 {[%clk 0:11:56]}  Nb2 {[%clk 0:56:05]} 31. Re1 {[%clk 0:07:30]}  h5 {[%clk 0:55:04]} 32. h4 {[%clk 0:07:27]}  Kf6 {[%clk 0:54:12]} 33. Kh2 {[%clk 0:07:43]}  a6 {[%clk 0:54:05]} 34. Kg3 {[%clk 0:07:00]}  Nc4 {[%clk 0:53:31]} 35. a4 {[%clk 0:05:57]}  Nd2 {[%clk 0:51:02]} 36. Bd3 {[%clk 0:04:41]}  Rxc1 {[%clk 0:48:04]} 37. Rxc1 {[%clk 0:05:01]}  Rc8 {[%clk 0:48:31]} 38. Rxc8 {[%clk 0:04:09]}  Bxc8 {[%clk 0:48:58]} 39. f3 {[%clk 0:02:37]}  a5 {[%clk 0:46:01]} 40. bxa5 {[%clk 0:02:49]}  bxa5 {[%clk 0:46:26]} 41. Nc6 {[%clk 0:00:46]}  Nb3 {[%clk 0:35:40]} 42. e4 {[%clk 0:18:40]}  Be6 {[%clk 0:52:48]} 43. Bc2 {[%clk 0:17:53]}  dxe4 {[%clk 0:52:22]} 44. Bxb3 {[%clk 0:18:06]}  Bxb3 {[%clk 0:52:37]} 45. fxe4 {[%clk 0:18:33]}  Bxa4 {[%clk 0:53:00]} 46. Nxa5 {[%clk 0:18:58]}  Ke6 {[%clk 0:52:54]} 47. Kf3 {[%clk 0:16:19]}  f6 {[%clk 0:51:28]} 48. Nc4 {[%clk 0:15:54]}  Bb5 {[%clk 0:51:41]} 49. Nd2 {[%clk 0:16:05]}  Bc6 {[%clk 0:51:13]} 50. Ke3 {[%clk 0:16:12]}  Kd6 {[%clk 0:51:00]} 51. Kd4 {[%clk 0:15:38]}  Bb7 {[%clk 0:50:41]} 52. Nc4+ {[%clk 0:15:10]}  Ke6 {[%clk 0:50:59]} 53. Ne3 {[%clk 0:15:12]}  Bc6 {[%clk 0:49:55]} 54. f5+ {[%clk 0:14:23]}  gxf5 {[%clk 0:49:14]} 55. Nxf5 {[%clk 0:13:50]}  Kf7 {[%clk 0:49:03]} 56. e5 {[%clk 0:13:46]}  fxe5+ {[%clk 0:49:23]} 57. Kxe5 {[%clk 0:14:10]} 1/2-1/2

[Event "45th FIDE Chess Olympiad Open"]
[Site "Budapest, Hungary"]
[Date "2024.09.22"]
[Round "11"]
[White "Gourlay, Iain"]
[Black "Andriamasoandro, Miora"]
[Result "1-0"]
[Board "168"]
[WhiteFideId "2401533"]
[BlackFideId "13100858"]
[WhiteTitle "FM"]
[WhiteElo "2296"]
[BlackElo "2116"]
[WhiteTeam "Scotland"]
[BlackTeam "Madagascar"]
[WhiteClock "0:01:42"]
[BlackClock "0:14:04"]
[Variant "Standard"]

1. Nf3 {[%clk 1:30:53]}  d5 {[%clk 1:30:54]} 2. g3 {[%clk 1:31:07]}  Nc6 {[%clk 1:31:18]} 3. d4 {[%clk 1:30:40]}  Bf5 {[%clk 1:31:43]} 4. Bg2 {[%clk 1:30:39]}  e6 {[%clk 1:32:06]} 5. O-O {[%clk 1:30:02]}  h5 {[%clk 1:32:31]} 6. c4 {[%clk 1:28:06]}  h4 {[%clk 1:32:06]} 7. Nc3 {[%clk 1:23:43]}  hxg3 {[%clk 1:28:57]} 8. hxg3 {[%clk 1:23:18]}  Nf6 {[%clk 1:27:52]} 9. Bg5 {[%clk 1:01:03]}  Be7 {[%clk 1:24:17]} 10. Bxf6 {[%clk 0:43:05]}  Bxf6 {[%clk 1:22:57]} 11. cxd5 {[%clk 0:35:16]}  exd5 {[%clk 1:22:46]} 12. Qb3 {[%clk 0:33:50]}  Ne7 {[%clk 1:14:07]} 13. Ne5 {[%clk 0:30:12]}  c6 {[%clk 1:02:02]} 14. e4 {[%clk 0:22:39]}  Be6 {[%clk 0:59:02]} 15. exd5 {[%clk 0:19:23]}  cxd5 {[%clk 0:58:17]} 16. Qb5+ {[%clk 0:17:37]}  Kf8 {[%clk 0:58:21]} 17. Qxb7 {[%clk 0:16:15]}  g6 {[%clk 0:56:50]} 18. Rfe1 {[%clk 0:12:44]}  Rb8 {[%clk 0:47:14]} 19. Qxa7 {[%clk 0:11:54]}  Ra8 {[%clk 0:47:39]} 20. Qc5 {[%clk 0:10:33]}  Rc8 {[%clk 0:47:34]} 21. Qb5 {[%clk 0:09:36]}  Rb8 {[%clk 0:46:08]} 22. Qe2 {[%clk 0:08:59]}  Qb6 {[%clk 0:45:43]} 23. Qd3 {[%clk 0:07:49]}  Kg7 {[%clk 0:43:47]} 24. b3 {[%clk 0:07:49]}  Qd8 {[%clk 0:42:30]} 25. Na4 {[%clk 0:05:58]}  Qg8 {[%clk 0:41:09]} 26. Nc5 {[%clk 0:04:52]}  Bf5 {[%clk 0:41:34]} 27. Qe2 {[%clk 0:04:49]}  Qh7 {[%clk 0:40:06]} 28. g4 {[%clk 0:04:46]}  Qh2+ {[%clk 0:37:53]} 29. Kf1 {[%clk 0:05:11]}  Rh7 {[%clk 0:28:21]} 30. gxf5 {[%clk 0:04:35]}  Nxf5 {[%clk 0:28:15]} 31. Ng4 {[%clk 0:03:15]}  Qf4 {[%clk 0:28:29]} 32. Qf3 {[%clk 0:02:42]}  Qg5 {[%clk 0:21:29]} 33. Nxf6 {[%clk 0:02:44]}  Rh4 {[%clk 0:21:33]} 34. Nxd5 {[%clk 0:01:52]}  Rbh8 {[%clk 0:20:20]} 35. Ne4 {[%clk 0:01:46]}  Qh6 {[%clk 0:19:11]} 36. Ng3 {[%clk 0:01:45]}  Rh2 {[%clk 0:13:40]} 37. Nxf5+ {[%clk 0:01:36]}  gxf5 {[%clk 0:14:06]} 38. Qg3+ {[%clk 0:01:30]}  Kf8 {[%clk 0:13:46]} 39. Re8+ {[%clk 0:01:19]}  Kxe8 {[%clk 0:14:04]} 40. Qb8+ {[%clk 0:01:42]} 1-0

[Event "45th FIDE Chess Olympiad Open"]
[Site "Budapest, Hungary"]
[Date "2024.09.22"]
[Round "11"]
[White "Bai, Adelard"]
[Black "Zambrana, Osvaldo"]
[Result "1/2-1/2"]
[Board "169"]
[WhiteFideId "16301188"]
[BlackFideId "3300200"]
[WhiteTitle "IM"]
[BlackTitle "GM"]
[WhiteElo "2378"]
[BlackElo "2405"]
[WhiteTeam "Chinese Taipei"]
[BlackTeam "Bolivia"]
[WhiteClock "0:12:39"]
[BlackClock "0:12:43"]
[Variant "Standard"]

1. d4 {[%clk 1:30:57]}  d5 {[%clk 1:30:42]} 2. c4 {[%clk 1:31:14]}  e6 {[%clk 1:31:05]} 3. Nc3 {[%clk 1:31:13]}  h6 {[%clk 1:31:27]} 4. cxd5 {[%clk 1:31:28]}  exd5 {[%clk 1:31:51]} 5. Bf4 {[%clk 1:31:26]}  Nf6 {[%clk 1:30:37]} 6. e3 {[%clk 1:31:36]}  Bd6 {[%clk 1:30:04]} 7. Bxd6 {[%clk 1:31:59]}  Qxd6 {[%clk 1:30:26]} 8. Bd3 {[%clk 1:31:03]}  O-O {[%clk 1:30:16]} 9. h3 {[%clk 1:30:04]}  Nbd7 {[%clk 1:22:17]} 10. Nf3 {[%clk 1:30:00]}  c6 {[%clk 1:22:44]} 11. O-O {[%clk 1:29:52]}  Qe7 {[%clk 1:19:48]} 12. Qc2 {[%clk 1:30:10]}  b6 {[%clk 1:09:33]} 13. e4 {[%clk 1:24:07]}  dxe4 {[%clk 1:09:41]} 14. Nxe4 {[%clk 1:24:29]}  Bb7 {[%clk 1:09:40]} 15. Rfe1 {[%clk 1:21:53]}  Nxe4 {[%clk 1:05:00]} 16. Bxe4 {[%clk 1:18:47]}  Qd6 {[%clk 1:05:05]} 17. Ne5 {[%clk 1:02:48]}  Nf6 {[%clk 1:03:53]} 18. Bxc6 {[%clk 0:55:22]}  Rac8 {[%clk 1:03:56]} 19. Rac1 {[%clk 0:53:00]}  Rc7 {[%clk 0:59:43]} 20. b4 {[%clk 0:37:47]}  a6 {[%clk 0:52:46]} 21. a4 {[%clk 0:35:22]}  Qxb4 {[%clk 0:52:28]} 22. Qd1 {[%clk 0:30:52]}  Bxc6 {[%clk 0:39:10]} 23. Rxc6 {[%clk 0:30:37]}  Rfc8 {[%clk 0:37:29]} 24. Rxc7 {[%clk 0:30:15]}  Rxc7 {[%clk 0:37:00]} 25. Ng4 {[%clk 0:27:06]}  Nxg4 {[%clk 0:31:25]} 26. hxg4 {[%clk 0:26:51]}  Rc8 {[%clk 0:25:08]} 27. d5 {[%clk 0:23:31]}  Rd8 {[%clk 0:18:06]} 28. Re3 {[%clk 0:18:27]}  g6 {[%clk 0:16:10]} 29. g3 {[%clk 0:16:33]}  Qd6 {[%clk 0:13:58]} 30. Qb3 {[%clk 0:12:39]}  b5 {[%clk 0:12:43]} 1/2-1/2

[Event "45th FIDE Chess Olympiad Open"]
[Site "Budapest, Hungary"]
[Date "2024.09.22"]
[Round "11"]
[White "Ticona Rocabado, Licael Roderick"]
[Black "Song, Raymond"]
[Result "1-0"]
[Board "170"]
[WhiteFideId "3319113"]
[BlackFideId "3203824"]
[WhiteTitle "IM"]
[BlackTitle "GM"]
[WhiteElo "2321"]
[BlackElo "2503"]
[WhiteTeam "Bolivia"]
[BlackTeam "Chinese Taipei"]
[WhiteClock "0:17:51"]
[BlackClock "0:05:28"]
[Variant "Standard"]

1. d4 {[%clk 1:30:08]}  Nf6 {[%clk 1:30:56]} 2. c4 {[%clk 1:30:34]}  e6 {[%clk 1:31:22]} 3. Nf3 {[%clk 1:30:46]}  d5 {[%clk 1:31:47]} 4. e3 {[%clk 1:31:10]}  Be7 {[%clk 1:30:47]} 5. Nbd2 {[%clk 1:31:07]}  O-O {[%clk 1:31:07]} 6. Bd3 {[%clk 1:31:20]}  c5 {[%clk 1:31:01]} 7. O-O {[%clk 1:31:04]}  cxd4 {[%clk 1:31:13]} 8. exd4 {[%clk 1:31:25]}  dxc4 {[%clk 1:30:54]} 9. Nxc4 {[%clk 1:31:44]}  b6 {[%clk 1:30:10]} 10. Bf4 {[%clk 1:30:21]}  Bb7 {[%clk 1:30:17]} 11. Qe2 {[%clk 1:30:17]}  Nc6 {[%clk 1:30:09]} 12. Rfd1 {[%clk 1:29:57]}  Nb4 {[%clk 1:29:29]} 13. Bb1 {[%clk 1:29:30]}  Rc8 {[%clk 1:29:22]} 14. Nfe5 {[%clk 1:29:20]}  Ba6 {[%clk 1:27:22]} 15. a3 {[%clk 1:29:27]}  Nc6 {[%clk 1:22:06]} 16. Nxc6 {[%clk 1:29:07]}  Rxc6 {[%clk 1:22:27]} 17. Bd3 {[%clk 1:29:29]}  Bb7 {[%clk 1:14:25]} 18. Ne3 {[%clk 1:20:10]}  Rc8 {[%clk 1:12:41]} 19. Ba6 {[%clk 1:18:23]}  Qd7 {[%clk 1:10:53]} 20. Be5 {[%clk 1:11:39]}  Nd5 {[%clk 1:08:31]} 21. Bxb7 {[%clk 1:11:14]}  Qxb7 {[%clk 1:08:56]} 22. Qg4 {[%clk 1:11:22]}  Nf6 {[%clk 1:03:39]} 23. Qg3 {[%clk 1:10:01]}  Rfd8 {[%clk 1:03:38]} 24. d5 {[%clk 1:10:14]}  Kh8 {[%clk 0:44:49]} 25. Qf4 {[%clk 0:56:09]}  exd5 {[%clk 0:43:58]} 26. Nf5 {[%clk 0:56:33]}  Ne8 {[%clk 0:31:42]} 27. Nxg7 {[%clk 0:39:00]}  Nxg7 {[%clk 0:32:04]} 28. Qxf7 {[%clk 0:39:23]}  Rg8 {[%clk 0:32:31]} 29. Rd3 {[%clk 0:38:02]}  Rcf8 {[%clk 0:28:20]} 30. Qg6 {[%clk 0:38:09]}  Bh4 {[%clk 0:27:30]} 31. Rh3 {[%clk 0:37:32]}  Qe7 {[%clk 0:27:06]} 32. Qh5 {[%clk 0:37:54]}  Rf4 {[%clk 0:22:46]} 33. g3 {[%clk 0:35:34]}  Re4 {[%clk 0:16:11]} 34. Rxh4 {[%clk 0:35:54]}  Rxh4 {[%clk 0:16:39]} 35. gxh4 {[%clk 0:36:18]}  Qe8 {[%clk 0:17:07]} 36. Qg5 {[%clk 0:35:36]}  Qg6 {[%clk 0:13:19]} 37. Rc1 {[%clk 0:24:26]}  Re8 {[%clk 0:13:28]} 38. f4 {[%clk 0:23:03]}  Kg8 {[%clk 0:13:04]} 39. Rc7 {[%clk 0:20:31]}  Nf5 {[%clk 0:13:16]} 40. Rxa7 {[%clk 0:18:53]}  Rc8 {[%clk 0:12:15]} 41. h5 {[%clk 0:18:20]}  Rc1+ {[%clk 0:11:42]} 42. Kf2 {[%clk 0:18:36]}  Rc2+ {[%clk 0:12:06]} 43. Kf3 {[%clk 0:18:51]}  Nh4+ {[%clk 0:09:10]} 44. Kg4 {[%clk 0:18:45]}  Qxg5+ {[%clk 0:09:25]} 45. fxg5 {[%clk 0:19:03]}  Rc4+ {[%clk 0:09:48]} 46. Kg3 {[%clk 0:17:29]}  Re4 {[%clk 0:08:16]} 47. Bf6 {[%clk 0:16:34]}  Nf5+ {[%clk 0:07:13]} 48. Kf3 {[%clk 0:16:53]}  Nh4+ {[%clk 0:06:57]} 49. Kf2 {[%clk 0:17:18]}  Nf5 {[%clk 0:04:42]} 50. g6 {[%clk 0:17:03]}  hxg6 {[%clk 0:05:01]} 51. hxg6 {[%clk 0:17:27]}  Re8 {[%clk 0:05:28]} 52. Rh7 {[%clk 0:17:51]} 1-0